|
|
|
|
| LEADER |
00768cam a2200229 a 4500 |
| 001 |
0000115226 |
| 005 |
20090828090000.0 |
| 040 |
|
|
|a mod
|
| 041 |
|
|
|a eng
|
| 020 |
0 |
0 |
|a 9781412929639 (pbk)
|
| 020 |
0 |
0 |
|a 9781412929622 (hbk)
|
| 090 |
0 |
0 |
|a 378.170281
|b PRI
|e 2008
|
| 100 |
1 |
0 |
|a Pritchard
|h Alan
|y 1941
|
| 245 |
1 |
0 |
|a Studying and learning at university
|b vital skills for success in your degree
|c Alan Pritchard
|
| 260 |
0 |
0 |
|a Los Angeles, CA
|b Sage Publications
|c 2008
|
| 300 |
|
|
|a 216 p.
|b ill.
|c 25 cm
|
| 440 |
0 |
0 |
|a Sage study skills
|
| 504 |
0 |
0 |
|a Includes bibliographical references (p. [212]-213) and index
|
| 650 |
0 |
0 |
|a College student orientation
|
| 650 |
0 |
0 |
|a Study skills
|
| 852 |
0 |
0 |
|a 01
|
| 999 |
|
|
|a 0277942
|b KEMENTAH
|d BOOKS
|e Umum
|f Perpustakaan KEMENTAH
|j AVAILABLE
|q GOOD CONDITION
|